Quiz o Czechach - Statystyki

Ogólne statystyki
  • Ten quiz został rozwiązany 51 razy
  • Średni wynik to 10 z 15
Statystyki odpowiedzi
Wskazówka Odpowiedź % Poprawnych
Stolica Praga
98%
Język urzędowy Czeski
93%
Rok dołączenia do Unii Europejskiej 2004 r.
83%
Waluta Korona czeska
83%
Firma produkująca samochody, której nazwa zaczyna się na literę S. Początkowo nazywać się miała "Laurin & Klement" Skoda
83%
Liczba ludności w milionach (ok.) 10 mln
76%
Największy partner handlowy Polska
68%
Rok dołączenia do NATO 1999 r.
66%
Np. Litovel, Budweiser, Velkopopovický Kozel czy Gambrinus Piwo
66%
Najwyższy szczyt Śnieżka
61%
Najdłuższa rzeka Wełtawa
59%
Najpopularniejszy zimowy sport Hokej na lodzie
54%
Gotowane kluski ziemniaczane wypełnione morelami lub śliwkami Knedle
54%
Uliczka w murach Zamku Praskiego - dawna kryjówka Żydów pracujących jako złotnicy dla skarbu państwa Złota Uliczka
34%
Siedziba arcybiskupów praskich i prymasa czeskiego - znajdująca się w Pradze Katedra św. ____ Wita
29%
Nie znaleziono quizów pasujących do podanych kryteriów
Rozkład punktacji
Procent ludzi z każdym wynikiem
Percentyl według liczby udzielonych odpowiedzi
Twoja historia wyników
Nie rozwiązałeś tego quizu